<?xml version="1.0" encoding="UTF-8"?>
<record
    xmlns:xsi="http://www.w3.org/2001/XMLSchema-instance"
    xsi:schemaLocation="http://www.loc.gov/MARC21/slim http://www.loc.gov/standards/marcxml/schema/MARC21slim.xsd"
    xmlns="http://www.loc.gov/MARC21/slim">

  <leader>04662nam a2200553Ii 4500</leader>
  <controlfield tag="001">DIGIBE0216</controlfield>
  <controlfield tag="003">NyNyDIG</controlfield>
  <controlfield tag="006">m     o  d        </controlfield>
  <controlfield tag="008">190430s2017    gw ad   ob    001 0 ger d</controlfield>
  <controlfield tag="007">cr |||||||||||</controlfield>
  <datafield tag="035" ind1=" " ind2=" ">
    <subfield code="a">(OCoLC)1076269437</subfield>
  </datafield>
  <datafield tag="040" ind1=" " ind2=" ">
    <subfield code="a">DGITA</subfield>
    <subfield code="b">eng</subfield>
    <subfield code="e">rda</subfield>
    <subfield code="e">pn</subfield>
    <subfield code="c">DGITA</subfield>
  </datafield>
  <datafield tag="020" ind1=" " ind2=" ">
    <subfield code="a">9783964561404</subfield>
    <subfield code="q">(eBook ;</subfield>
    <subfield code="q">pdf)</subfield>
  </datafield>
  <datafield tag="020" ind1=" " ind2=" ">
    <subfield code="a">3964561401</subfield>
    <subfield code="q">(eBook ;</subfield>
    <subfield code="q">pdf)</subfield>
  </datafield>
  <datafield tag="020" ind1=" " ind2=" ">
    <subfield code="z">9783954876419</subfield>
  </datafield>
  <datafield tag="020" ind1=" " ind2=" ">
    <subfield code="z">3954876418</subfield>
  </datafield>
  <datafield tag="043" ind1=" " ind2=" ">
    <subfield code="a">s-ck---</subfield>
  </datafield>
  <datafield tag="050" ind1="1" ind2="4">
    <subfield code="a">F2258 ebook</subfield>
  </datafield>
  <datafield tag="082" ind1="0" ind2="4">
    <subfield code="a">986.1</subfield>
  </datafield>
  <datafield tag="245" ind1="0" ind2="0">
    <subfield code="a">Kolumbien heute :</subfield>
    <subfield code="b">Politik, Wirtschaft, Kultur /</subfield>
    <subfield code="c">Thomas Fischer, Susanne Klengel, Eduardo Pastrana Buelvas (Hg.).</subfield>
  </datafield>
  <datafield tag="250" ind1=" " ind2=" ">
    <subfield code="a">Vollst&#xE4;ndig &#xFC;berarbeitete Neuauflage.</subfield>
  </datafield>
  <datafield tag="264" ind1=" " ind2="1">
    <subfield code="a">Frankfurt am Main :</subfield>
    <subfield code="b">Vervuert Verlag ;</subfield>
    <subfield code="a">Madrid :</subfield>
    <subfield code="b">Iberoamericana,</subfield>
    <subfield code="c">2017.</subfield>
  </datafield>
  <datafield tag="300" ind1=" " ind2=" ">
    <subfield code="a">1 online resource :</subfield>
    <subfield code="b">illustrations (some color), color maps, charts (some color)</subfield>
  </datafield>
  <datafield tag="336" ind1=" " ind2=" ">
    <subfield code="a">text</subfield>
    <subfield code="b">txt</subfield>
    <subfield code="2">rdacontent</subfield>
  </datafield>
  <datafield tag="337" ind1=" " ind2=" ">
    <subfield code="a">computer</subfield>
    <subfield code="b">c</subfield>
    <subfield code="2">rdamedia</subfield>
  </datafield>
  <datafield tag="338" ind1=" " ind2=" ">
    <subfield code="a">online resource</subfield>
    <subfield code="b">cr</subfield>
    <subfield code="2">rdacarrier</subfield>
  </datafield>
  <datafield tag="347" ind1=" " ind2=" ">
    <subfield code="a">text file</subfield>
    <subfield code="2">rdaft</subfield>
  </datafield>
  <datafield tag="347" ind1=" " ind2=" ">
    <subfield code="b">PDF</subfield>
  </datafield>
  <datafield tag="490" ind1="1" ind2=" ">
    <subfield code="a">Bibliotheca Ibero-Americana,</subfield>
    <subfield code="x">0067-8015 ;</subfield>
    <subfield code="v">Band 168</subfield>
  </datafield>
  <datafield tag="500" ind1=" " ind2=" ">
    <subfield code="a">Considerably revised new edition.</subfield>
  </datafield>
  <datafield tag="504" ind1=" " ind2=" ">
    <subfield code="a">Includes bibliographical references and index.</subfield>
  </datafield>
  <datafield tag="505" ind1="0" ind2=" ">
    <subfield code="a">Frieden und Postkonflikt / David Graaff -- Landeskundliche Einf&#xFC;hrung -- Kolumbien : ein historischer Uberblick / Thomas Fischer, Andr&#xE9;s Jim&#xE9;nez &#xC1;ngel -- Raumstruktur, regionale Disparit&#xE4;ten und Bev&#xF6;lkerung / Benedikt Hora, Carla Marchant, Andreas Haller, Axel Borsdorf -- Sozialstruktur, Ungleichheit und Plurikulturalit&#xE4;t / Edwin Murillo Amaris, Yamid Gabriel Lozano Torres -- Staatlichkeit und Gewalt / Sabine Kurtenbach -- Migration / Tatjana Louis -- Umwelt und Biodiversit&#xE4;t / Pablo Andr&#xE9;s Ramos, Sebasti&#xE1;n Restrepo-Calle -- Politik und Gesellschaft -- Konstitutioneller Wandel : die Verfassungen von 1886 und 1991 und die Herausforderungen des Post-Konflikts / Luis Felipe Vega D&#xED;az -- Das politische System / Ricardo Betancourt V&#xE9;lez, Peter Birle -- Vergangenheit und Gegenwart der Gewalt / Jefferson Jaramillo Mar&#xED;n -- Geschichts- und Vergangenheitspolitik / Benedikt Kraus, Sven Schuster -- Die Gewerkschaften : zwischen Gewalt und Informalisierung / Rainer Dombois, Luz Jeannette Quintero -- Ethnische soziale Bewegungen / Ulrich Morenz -- Frauen und Geschlechterbeziehungen / Teresa Huhle -- Die Kirche / Jos&#xE9; Dar&#xED;o Rodr&#xED;guez Cuadros, S.J. -- Kolumbien als internationaler Akteur / Eduardo Pastrana Buelvas, Peter Birle -- Die deutsch-kolumbianischen Beziehungen / Peter Birle -- Wirtschaft -- Die kolumbianische Wirtschaft zwischen apertura und Extraktivismus / &#xC1;lvaro Zerda Sarmiento -- Handelspolitik und Aussenhandel / Diego Vera P. -- Bergbau und Extraktivismus / Kristina Dietz -- Drogenwirtschaft und Drogenhandel / Kai Ambos -- Tourismus : Rahmenbedingungen und Herausforderungen / Stephan Stober -- Kultur, Bildung, Wissenschaft -- Sprachenvielfalt und Sprachenpolitik / Angelika Hennecke, Hugo Lancheros -- Bildung und Wissenschaft / Reinhard Babel -- Tendenzen der zeitgen&#xF6;ssischen Literatur / Susanne Klengel -- Cumbia, Vallenato, Salsa, Rock : Kolumbien : die neue musikalische Macht des Kontinents / Torsten Esser -- Das "Nuevo Cine Colombiano" : zwischen Tradition und Aufbruch / Peter W. Schulze -- Das Festival de Performance de Call (1997-2012) : Kunst und Partizipation / &#xD3;scar Ardila -- Zeitgen&#xF6;ssische Kunst in, aus Kolumbien / Michael Nungesser -- Die Massenmedien als Teil der oligarchischen Herrschaftsstruktur / Andreas Hetzer -- Narcocultura : Kultur des leichten Geldes / Thomas Fischer -- Anhang -- Chronologie zur Geschichte Kolumbiens 1810-2016 / Christiane Hoth.</subfield>
  </datafield>
  <datafield tag="588" ind1="0" ind2=" ">
    <subfield code="a">Online resource; title from PDF title page (Digitalia, viewed April 30, 2019)</subfield>
  </datafield>
  <datafield tag="651" ind1=" " ind2="0">
    <subfield code="a">Colombia</subfield>
    <subfield code="x">Civilization.</subfield>
  </datafield>
  <datafield tag="651" ind1=" " ind2="0">
    <subfield code="a">Colombia</subfield>
    <subfield code="x">Economic policy.</subfield>
  </datafield>
  <datafield tag="651" ind1=" " ind2="0">
    <subfield code="a">Colombia</subfield>
    <subfield code="x">Politics and government</subfield>
    <subfield code="y">1810-</subfield>
  </datafield>
  <datafield tag="651" ind1=" " ind2="0">
    <subfield code="a">Colombia</subfield>
    <subfield code="x">History</subfield>
    <subfield code="y">1810-</subfield>
  </datafield>
  <datafield tag="655" ind1=" " ind2="0">
    <subfield code="a">Electronic books.</subfield>
  </datafield>
  <datafield tag="700" ind1="1" ind2=" ">
    <subfield code="a">Fischer, Thomas,</subfield>
    <subfield code="d">1951-</subfield>
    <subfield code="e">editor.</subfield>
  </datafield>
  <datafield tag="700" ind1="1" ind2=" ">
    <subfield code="a">Klengel, Susanne,</subfield>
    <subfield code="e">editor</subfield>
  </datafield>
  <datafield tag="700" ind1="1" ind2=" ">
    <subfield code="a">Pastrana Buelvas, Eduardo,</subfield>
    <subfield code="d">1961-</subfield>
    <subfield code="e">editor.</subfield>
  </datafield>
  <datafield tag="791" ind1="2" ind2=" ">
    <subfield code="a">Digitalia (Firm),</subfield>
    <subfield code="e">distributor.</subfield>
  </datafield>
  <datafield tag="793" ind1="0" ind2=" ">
    <subfield code="g">Digitalia eBook Collection:</subfield>
    <subfield code="a">Iberoamericana/Vervuert</subfield>
  </datafield>
  <datafield tag="776" ind1="0" ind2="8">
    <subfield code="i">Print version:</subfield>
    <subfield code="t">Kolumbien heute.</subfield>
    <subfield code="b">Vollst&#xE4;ndig &#xFC;berarbeitete Neuauflage.</subfield>
    <subfield code="d">Frankfurt am Main : Vervuert ; Madrid : Iberoamericana, 2016</subfield>
    <subfield code="z">9783954876419</subfield>
    <subfield code="w">(DLC)  2017366894</subfield>
    <subfield code="w">(OCoLC)1011340172</subfield>
  </datafield>
  <datafield tag="830" ind1=" " ind2="0">
    <subfield code="a">Bibliotheca Ibero-Americana ;</subfield>
    <subfield code="v">Bd. 168.</subfield>
  </datafield>
  <datafield tag="856" ind1="4" ind2="0">
    <subfield code="3">Digitalia Hisp&#xE1;nica</subfield>
    <subfield code="u">https://www.digitaliapublishing.com/a/56719/</subfield>
  </datafield>
  <datafield tag="910" ind1=" " ind2=" ">
    <subfield code="a">Premium collection: 2019</subfield>
  </datafield>
  <datafield tag="942" ind1=" " ind2=" ">
    <subfield code="c">RAA</subfield>
  </datafield>
  <datafield tag="952" ind1=" " ind2=" ">
    <subfield code="0">0</subfield>
    <subfield code="1">0</subfield>
    <subfield code="4">0</subfield>
    <subfield code="7">0</subfield>
    <subfield code="8">DEH</subfield>
    <subfield code="a">BD-UIN</subfield>
    <subfield code="b">BD-UIN</subfield>
    <subfield code="d">2025-04-25</subfield>
    <subfield code="l">0</subfield>
    <subfield code="r">2025-04-25</subfield>
    <subfield code="w">2025-04-25</subfield>
    <subfield code="y">RAA</subfield>
  </datafield>
  <datafield tag="999" ind1=" " ind2=" ">
    <subfield code="c">255055</subfield>
    <subfield code="d">255055</subfield>
  </datafield>
</record>
